| 000 | 00858nas a2200265 4500 | ||
|---|---|---|---|
| 001 | BR2013002320 | ||
| 003 | BR-BrBNA | ||
| 005 | 20231205122103.0 | ||
| 007 | ta | ||
| 008 | 230509b bl.|||p| |||| 00| 00por d | ||
| 040 |
_aBR-BrBNA _bpor _cBiblioteca Nacional de Agricultura |
||
| 041 | _a(Pt) | ||
| 072 | _aM12; Q03 | ||
| 100 | 1 | _apersich, G. da R. | |
| 100 | 1 | _aGarcia, V.M.T. | |
| 245 | 1 | _aOcorrência de custos de dinoflagelados, com ênfase em espécies potencialmente nocivas, no sedimento próximo à desembocadura da Laguna dos Patos (RS) | |
| 650 | _aALGA | ||
| 650 | _aCISTO | ||
| 650 | _aREPRODUÇÃO SEXUADA | ||
| 650 | _aTOXINA | ||
| 650 | _aSAÚDE PÚBLICA | ||
| 773 | 0 |
_tAtlântica (Brazil) _xISSN 0102-1656 _g(Jul-Dec 2003), v. 25(2) p. 123-133 _wBR2013002320 |
|
| 909 |
_a202311 _bLúcia _c55 _dLúcia Elande |
||
| 942 |
_2AGRIS _n0 _cANA |
||
| 999 |
_c226861 _d226861 |
||